| 000 | 00628nam a22001817a 4500 | ||
|---|---|---|---|
| 005 | 20251108175518.0 | ||
| 008 | 250721s2013 xx 000 0 ara d | ||
| 082 | 1 | 4 | _a551.4/كاظ |
| 100 | 1 | _aالكاظمي، ظافر هاشم | |
| 245 | 1 | 0 |
_aالتطبيقات العملية لكتابة الرسائل و الأطاريح التربوية و النفسية : _bالتخطيط و التصميم / |
| 264 | 1 |
_aبيروت : _bدار الكتب العلمية، _c2013. |
|
| 300 | _a189ص. | ||
| 650 | 1 | 7 | _aالبحوث |
| 650 | 1 | 7 | _aالتربية |
| 650 | 1 | 7 | _aعلم النفس |
| 942 |
_2ddc _cBK |
||
| 999 |
_c135875 _d135875 |
||